000 00680nas a2200241 4500
001 BR2019000990
003 BR-BrBNA
005 20231205131751.0
007 ta
008 230509b bl.|||p| |||| 00| 00por d
040 _aBR-BrBNA
_bpor
_cBiblioteca Nacional de Agricultura
041 _a(Pt)
072 _aF04; P30
100 1 _aFreitas, D.
100 1 _a
245 1 _aFertilizantes na agricultura sustentável
650 _aFERTILIZANTE
650 _aABSORÇÃO DE NUTRIENTES
650 _aMANEJO DO SOLO
773 0 _tRevista Produz (Brazil)
_x1806-8103
_g(2012), v. 7(71) p.48-51
_wBR2019000990
909 _a202311
_bLúcia
_c55
_dLúcia Elande
942 _2AGRIS
_n0
_cANA
999 _c256569
_d256569